00263nam a2200121Ia 45000030006000000080041000060400015000471000022000622450022000842600006001065460012001120050017001240STCL150530s9999 xx 000 0 und d aSTCLcSTCL aKamala Markandaya aNectar in a sieve c0 aEnglish20220125170638.0